000 00783nam a2200229 a 4500
001 44697
003 BD-RjUL
005 20211209053913.0
008 160720s1955 bg ||||| |||| 00| 0 ben d
020 _c: PRs.3.00
035 _a(BD-RjUL)44815
040 _aBD-RjUL
_bben
_cBD-RjUL
_dBD-RjUL
041 _aben
082 _223
_a891.443
_bSHK 1955
100 _aশম্‌শের, বেদুঈন
_9137064
245 1 0 _aকাঁটা ও ফুল /
_cবেদুঈন শম্‌শের
260 _aঢাকা :
_bমোহাম্মদী বুক হাঊস,
_c১৯৫৫
300 _a[৪], ২০৫ পৃ. ;
_c১৭ সেমি.
650 _aবাংলা উপন্যাস
_9137065
650 _aBengali fiction
_9137066
942 _2ddc
_cBK
999 _c44697
_d44697